00454nam a22001457a 4500003000500000020000800005038001100013082001600024100003900040245006200079260004900141300001300190880006300203880004200266NUST qH/B awaseem a297.62bNUS aNushai, Syed Muhammad Hayat Rabani aTazkara-yi-Nushahiya /cSyed Muhammad Hayat Rabani Nushai aIslamabad :bIdara Mahraf-yi-Nushahi,c2010. a656 p. ; 6100-01\raسید محمد حیات ربانی نوشاہی 6245-02\raتزکرہ نوشاییہ /